Movies Quiz

Random Movies or Actor Quiz

Cast of Everyone Says I Love You (Clickable) Quiz Stats

 Plays Quiz not verified by Sporcle

Score 0/16 Timer 05:00
0 Plays Today
% Correct
Julia Roberts
88.1%
Goldie Hawn
84.5%
Alan Alda
82.1%
Gaby Hoffmann
79.8%
Drew Barrymore
77.4%
Edward Norton
73.8%
David Ogden Stiers
72.6%
Woody Allen
70.2%
% Correct
Natasha Lyonne
67.9%
Natalie Portman
66.7%
Tim Roth
65.5%
Billy Crudup
61.9%
Itzhak Perlman
58.3%
Lukas Haas
54.8%
Robert Knepper
50%
Liv Tyler
44%

You're not logged in!

Compare scores with friends on all Sporcle quizzes.
OR
Log In

Sporcle TV

Today on Sporcle TV


Watch our educational content, quiz creation guides, and fun videos on Sporcle TV.

Show Comments

Extras

Top Quizzes Today


Score Distribution

Your Account Isn't Verified!

In order to create a playlist on Sporcle, you need to verify the email address you used during registration. Go to your Sporcle Settings to finish the process.

Report this User

Report this user for behavior that violates our Community Guidelines.

Details: